[Event "Acropolis 2008"]
[Site "Athens"]
[Date "2008.08.12"]
[Round "4.21"]
[White "Zawadzka, Jolanta"]
[Black "Aggelis, Nikolaos"]
[Result "1/2-1/2"]
[WhiteElo "2389"]
[BlackElo "2271"]
[PlyCount "70"]
[EventDate "2008.08.09"]

1. e4 e5 2. Nf3 Nc6 3. Bb5 a6 4. Ba4 Nf6 5. O-O Be7 6. Re1 b5 7. Bb3 O-O 8. h3
Bb7 9. d3 d6 10. a3 Na5 11. Ba2 c5 12. Nbd2 Nc6 13. Nf1 Bc8 14. Ne3 Be6 15. Nd5
Bxd5 16. exd5 Nd4 17. Nd2 Nf5 18. c3 Nd7 19. d4 cxd4 20. Bb1 Nh4 21. cxd4 Ng6
22. Nf3 Bf6 23. Be3 Re8 24. Bf5 Nb6 25. Qb3 Nc4 26. Rad1 Nxe3 27. Rxe3 exd4 28.
Nxd4 Bxd4 29. Rxd4 Qf6 30. Rde4 Rxe4 31. Bxe4 Rc8 32. Re1 Qe5 33. Qb4 Re8 34.
Re3 Rc8 35. Re1 Re8 1/2-1/2

[Event "Acropolis 2008"]
[Site "Athens"]
[Date "2008.08.12"]
[Round "4.22"]
[White "Asik, Josip"]
[Black "Karlovich, Anastazia"]
[Result "1/2-1/2"]
[WhiteElo "2368"]
[BlackElo "2242"]
[PlyCount "30"]
[EventDate "2008.08.09"]

1. e4 e5 2. Nf3 Nc6 3. d4 exd4 4. Nxd4 Qf6 5. Nb5 Bc5 6. Qe2 Kd8 7. N1c3 Nge7
8. h4 a6 9. Nd5 Qxf2+ 10. Qxf2 Bxf2+ 11. Kxf2 axb5 12. Nxe7 Kxe7 13. Bxb5 Ne5
14. h5 h6 15. Bf4 d6 1/2-1/2

[Event "Acropolis 2008"]
[Site "Athens"]
[Date "2008.08.12"]
[Round "4.23"]
[White "Makka, Ioulia"]
[Black "Karagiannis, Athanasios"]
[Result "0-1"]
[WhiteElo "2225"]
[BlackElo "2357"]
[PlyCount "138"]
[EventDate "2008.08.09"]

1. e4 d6 2. d4 Nf6 3. Nc3 g6 4. g3 Bg7 5. Bg2 O-O 6. Nge2 Nbd7 7. O-O e5 8. h3
c6 9. a4 a5 10. Be3 Re8 11. g4 exd4 12. Bxd4 h6 13. f4 Qe7 14. Ng3 Nc5 15. Qd2
Ne6 16. Be3 d5 17. exd5 cxd5 18. Nb5 Bd7 19. f5 Bxb5 20. axb5 Ng5 21. Bxg5 hxg5
22. fxg6 fxg6 23. Qxg5 Qe3+ 24. Qxe3 Rxe3 25. Ra3 Re5 26. Ra4 Rc8 27. c3 b6 28.
Raf4 Rf8 29. Rd1 Ne4 30. Rxf8+ Bxf8 31. Ne2 Bc5+ 32. Nd4 Nd6 33. Bf1 Nc4 34. b3
Ne3 35. Rd3 Nc2 36. Rd2 Na1 37. Rb2 Re3 38. Kh2 Rxc3 39. Rd2 Bxd4 40. Rxd4 Nxb3
41. Rxd5 a4 42. Rd8+ Kg7 43. Ra8 Na5 44. Bg2 a3 45. Bd5 Rc5 46. Be6 Re5 47. Bg8
Rxb5 48. Kg3 g5 49. h4 gxh4+ 50. Kxh4 Rb2 51. Kg5 a2 52. Bxa2 Rxa2 53. Ra7+ Kf8
54. Kf6 Rf2+ 55. Kg6 Rc2 56. g5 Rc6+ 57. Kf5 Nc4 58. g6 Nd6+ 59. Kg5 Rc1 60.
Ra8+ Nc8 61. Ra4 Kg7 62. Rb4 Rc5+ 63. Kf4 b5 64. Kg3 Nd6 65. Kf3 Re5 66. Rd4
Re6 67. Kf4 Kxg6 68. Kf3 Kf6 69. Kf4 Ke7 0-1

[Event "Acropolis 2008"]
[Site "Athens"]
[Date "2008.08.12"]
[Round "4.24"]
[White "Pountzas, Hrisanthos"]
[Black "Burtasova, Anna"]
[Result "1/2-1/2"]
[WhiteElo "2202"]
[BlackElo "2329"]
[PlyCount "142"]
[EventDate "2008.08.09"]

1. Nf3 c5 2. c4 Nc6 3. Nc3 e5 4. g3 g6 5. Bg2 Bg7 6. O-O Nge7 7. a3 a5 8. Ne1
O-O 9. d3 f5 10. Bg5 h6 11. Bxe7 Nxe7 12. Nc2 d6 13. Rb1 Kh7 14. b4 axb4 15.
axb4 e4 16. Nb5 d5 17. bxc5 dxc4 18. dxc4 Qa5 19. Nb4 Rd8 20. Qb3 Be6 21. Rfc1
Rd2 22. Rc2 Rxc2 23. Nxc2 Nc6 24. Ne3 Ne5 25. Nd5 Qa2 26. Qxa2 Rxa2 27. Nbc3
Ra7 28. Bf1 Nxc4 29. e3 Nd2 30. Rd1 Nxf1 31. Kxf1 Ra5 32. Ne2 Rxc5 33. Nef4
Bxd5 34. Nxd5 g5 35. h3 b5 36. g4 fxg4 37. hxg4 Rc2 38. Rb1 Rb2 39. Rc1 Rd2 40.
Rc5 Rb2 41. Rc7 b4 42. Rb7 b3 43. Ne7 Rb1+ 44. Kg2 b2 45. Nf5 Rd1 46. Rxg7+ Kh8
47. Rb7 b1=Q 48. Rxb1 Rxb1 49. Nxh6 Kg7 50. Nf5+ Kf6 51. Ng3 Ke5 52. Ne2 Rd1
53. Ng1 Rd5 54. Ne2 Kd6 55. Ng3 Re5 56. Kf1 Kd5 57. Kg2 Kc4 58. Kf1 Kd3 59. Kg2
Re8 60. Nh5 Rh8 61. Kf1 Rh7 62. Kg2 Kd2 63. Nf6 Re7 64. Nh5 Re6 65. Ng3 Kd3 66.
Nh5 Rh6 67. Kf1 Kc2 68. Ke2 Rd6 69. Ng3 Rd2+ 70. Kf1 Kd3 71. Kg2 Rd1 1/2-1/2

[Event "Acropolis 2008"]
[Site "Athens"]
[Date "2008.08.12"]
[Round "4.25"]
[White "Velcheva, Maria"]
[Black "Galopoulos, Nikolaos"]
[Result "1-0"]
[WhiteElo "2281"]
[BlackElo "2270"]
[PlyCount "61"]
[EventDate "2008.08.09"]

1. e4 d5 2. exd5 Nf6 3. d4 Bg4 4. Nf3 Qxd5 5. Be2 Nc6 6. c4 Qh5 7. Be3 O-O-O 8.
Nbd2 e6 9. h3 e5 10. d5 Ne7 11. O-O Bd7 12. Ng5 Qg6 13. Ndf3 Nf5 14. Nxe5 Nxe3
15. Nxg6 Nxd1 16. Nxh8 Nxb2 17. Rab1 Na4 18. Nhxf7 Re8 19. Bd3 h6 20. Nf3 Nc5
21. Bc2 Re2 22. Nd4 Rxc2 23. Nxc2 Bf5 24. Nd4 Bd3 25. Ne5 Bxf1 26. Kxf1 Nce4
27. Rd1 Bc5 28. f3 Ng3+ 29. Ke1 Ngh5 30. Ne6 Bd6 31. Nd3 1-0

[Event "Acropolis 2008"]
[Site "Athens"]
[Date "2008.08.12"]
[Round "4.27"]
[White "Galopoulos, Panagiotis"]
[Black "Goumas, Georgios"]
[Result "0-1"]
[WhiteElo "2200"]
[BlackElo "2276"]
[PlyCount "120"]
[EventDate "2008.08.09"]

1. e4 c5 2. Nf3 g6 3. d3 Bg7 4. g3 Nc6 5. Bg2 d6 6. O-O Nf6 7. c3 O-O 8. a3 c4
9. dxc4 Nxe4 10. Nd4 f5 11. Re1 Qb6 12. Bxe4 fxe4 13. Rxe4 Nxd4 14. cxd4 Bf5
15. Rxe7 Rae8 16. Qe2 Rxe7 17. Qxe7 Bxd4 18. Bh6 Rc8 19. Nd2 Qc7 20. Re1 Bxb2
21. Nf3 Qxe7 22. Rxe7 Bf6 23. Rxb7 Be4 24. Rb3 Rxc4 25. Rb8+ Kf7 26. Ng5+ Bxg5
27. Bxg5 Rc3 28. Rb4 Bc6 29. a4 Ra3 30. Kf1 Rxa4 31. Rxa4 Bxa4 32. Ke2 Ke6 33.
Ke3 Bb3 34. Ke4 a5 35. Bd2 a4 36. Bb4 Bc2+ 37. Kd4 Bd1 38. Ba3 h5 39. h4 d5 40.
Bc1 Bb3 41. Ba3 Kf5 42. Bb2 Kg4 43. Ke3 Kh3 44. Ba3 Kg2 45. Bc1 Kf1 46. Ba3 Bc2
47. Bb4 Bf5 48. Kd4 Be6 49. Ke3 Bh3 50. Kd4 Bg2 51. Ke3 Be4 52. f3 Bf5 53. Kd4
Be6 54. g4 g5 55. hxg5 h4 56. g6 h3 57. Bd6 a3 58. Kc3 d4+ 59. Kc2 a2 60. Kb2
d3 0-1

[Event "Acropolis 2008"]
[Site "Athens"]
[Date "2008.08.12"]
[Round "4.28"]
[White "Stiri, Alexandra"]
[Black "Grigoriadis, Alexandros"]
[Result "1/2-1/2"]
[WhiteElo "2149"]
[BlackElo "2417"]
[PlyCount "127"]
[EventDate "2008.08.09"]

1. e4 c5 2. Nf3 e6 3. d4 cxd4 4. Nxd4 a6 5. Bd3 b5 6. a4 b4 7. O-O Bb7 8. c3
Nc6 9. Be3 Nf6 10. Nxc6 Bxc6 11. Nd2 bxc3 12. bxc3 d5 13. e5 Nd7 14. f4 Bc5 15.
Bd4 Qa5 16. Kh1 Bxd4 17. cxd4 g6 18. Qc2 Rc8 19. Nb3 Qb6 20. Rfb1 O-O 21. Nc5
Qa5 22. Bxa6 Rc7 23. Bb5 Rfc8 24. Nxd7 Bxd7 25. Qb2 Rc2 26. Qa3 R8c3 27. Qd6
Bxb5 28. Qb8+ Rc8 29. Qxb5 Qd2 30. Qf1 Ra8 31. Rd1 Qc3 32. Qf3 Qxf3 33. gxf3
Ra5 34. Rd3 Kg7 35. Rb3 Rc4 36. Rd3 Raxa4 37. Rxa4 Rxa4 38. Rd2 Kh6 39. Kg2 g5
40. Kh3 Kh5 41. fxg5 Ra3 42. Kg3 Kxg5 43. Rd1 h5 44. h4+ Kf5 45. Rc1 Ra4 46.
Rd1 Ra8 47. Rb1 Ra4 48. Rd1 f6 49. exf6 Kxf6 50. Kf4 e5+ 51. Ke3 Ra3+ 52. Kf2
exd4 53. Rxd4 Ke5 54. Rb4 d4 55. Rb5+ Kf4 56. Rxh5 Ra2+ 57. Ke1 Ke3 58. Re5+
Kxf3 59. h5 Rh2 60. Re6 Rxh5 61. Kd2 Rh1 62. Kd3 Rd1+ 63. Kc2 Ra1 64. Kd3
1/2-1/2

[Event "Acropolis 2008"]
[Site "Athens"]
[Date "2008.08.12"]
[Round "4.29"]
[White "D`costa, Lorin A R"]
[Black "Angelis, Mihail"]
[Result "0-1"]
[WhiteElo "2414"]
[BlackElo "2224"]
[PlyCount "64"]
[EventDate "2008.08.09"]

1. e4 c6 2. d4 d5 3. Nc3 dxe4 4. Nxe4 Bf5 5. Ng3 Bg6 6. h4 h6 7. Nf3 Nd7 8. h5
Bh7 9. Bd3 Bxd3 10. Qxd3 e6 11. Bd2 Ngf6 12. O-O-O Be7 13. Ne4 Nxe4 14. Qxe4
Nf6 15. Qd3 Qd5 16. c4 Qe4 17. Qb3 b5 18. Rde1 Qh7 19. Ne5 Rc8 20. g4 Ne4 21.
Be3 O-O 22. c5 Rfd8 23. f4 Rd5 24. Qa3 Bf6 25. Qa6 Rcd8 26. Qxc6 Bxe5 27. fxe5
Ng5 28. Rhf1 Qd3 29. Qb7 Rxd4 30. Bxd4 Rxd4 31. b3 Qc3+ 32. Kb1 Rd2 0-1

[Event "Acropolis 2008"]
[Site "Athens"]
[Date "2008.08.12"]
[Round "4.30"]
[White "Astaneh Lopez, Alex"]
[Black "Kordis, Konstantinos"]
[Result "0-1"]
[WhiteElo "2357"]
[BlackElo "2216"]
[PlyCount "66"]
[EventDate "2008.08.09"]

1. Nf3 Nf6 2. g3 g6 3. Bg2 Bg7 4. O-O O-O 5. c4 d6 6. d4 c6 7. Nc3 Qa5 8. h3
Be6 9. Nd2 d5 10. c5 Qd8 11. e3 Bf5 12. f4 h5 13. Re1 Na6 14. a3 b6 15. b4 bxc5
16. bxc5 Qa5 17. Bb2 Rab8 18. Na4 Qd8 19. Kh2 Nc7 20. Ra2 Qc8 21. Nc3 Ne6 22.
Qe2 Bh6 23. Nf3 Ne4 24. Nh4 Nxc3 25. Bxc3 Ng7 26. Nxf5 Nxf5 27. g4 hxg4 28.
Qxg4 Rb3 29. Bd2 Qb7 30. Qe2 Rb8 31. Bf3 Bxf4+ 32. exf4 Nxd4 33. Qf2 Nxf3+ 0-1

[Event "Acropolis 2008"]
[Site "Athens"]
[Date "2008.08.12"]
[Round "4.31"]
[White "Pavlidou, Ekaterini"]
[Black "Nikolaidis, Konstantinos"]
[Result "0-1"]
[WhiteElo "2034"]
[BlackElo "2279"]
[PlyCount "68"]
[EventDate "2008.08.09"]

1. d4 Nf6 2. c4 e6 3. Nc3 Bb4 4. Qc2 O-O 5. a3 Bxc3+ 6. Qxc3 b6 7. Bg5 Bb7 8.
e3 d6 9. f3 Nbd7 10. Bd3 h6 11. Bh4 c5 12. Ne2 Rc8 13. O-O d5 14. cxd5 Nxd5 15.
Qe1 g5 16. Bf2 cxd4 17. exd4 Nb8 18. Qd2 Ba6 19. Bb1 Nc6 20. Re1 Na5 21. Nc3 f5
22. Ba2 Nc4 23. Qc2 Qd7 24. Rad1 Rfe8 25. Qc1 Nxb2 26. Rxe6 Rxe6 27. Nxd5 Rxc1
28. Rxc1 Kf8 29. Nb4 Bb7 30. d5 Re2 31. Be1 a5 32. Nc6 Bxc6 33. dxc6 Rxe1+ 34.
Rxe1 Qxc6 0-1

[Event "Acropolis 2008"]
[Site "Athens"]
[Date "2008.08.12"]
[Round "4.32"]
[White "Pavlidis, Anastasios"]
[Black "Stefanidi, Maria-Anna"]
[Result "0-1"]
[WhiteElo "2270"]
[BlackElo "2095"]
[PlyCount "160"]
[EventDate "2008.08.09"]

1. d4 Nf6 2. c4 c5 3. d5 b5 4. cxb5 a6 5. bxa6 Bxa6 6. Nc3 d6 7. g3 g6 8. Bg2
Bg7 9. Nf3 O-O 10. O-O Nbd7 11. Rb1 Rb8 12. h3 Qa5 13. Bd2 Qc7 14. b3 Nb6 15.
Bc1 Nfd7 16. Bb2 Rb7 17. Re1 Qb8 18. e4 Nc4 19. Ba1 Na3 20. Rc1 c4 21. Nd4 Ne5
22. Nc6 Qc7 23. Nxe5 Bxe5 24. Bb2 Qa5 25. f4 Bg7 26. e5 cxb3 27. axb3 Rfb8 28.
Ne4 dxe5 29. Nc5 Rb5 30. Nd7 Rd8 31. Nxe5 Bb7 32. Ra1 Qa7+ 33. Kh2 Ra5 34. Bd4
Qa6 35. b4 Raxd5 36. Bxd5 Rxd5 37. Re3 Qd6 38. Raxa3 Rxd4 39. Red3 Bxe5 40.
fxe5 Qc6 41. Qf1 Qc2+ 42. Kg1 Rxb4 43. e6 f6 44. Rd8+ Kg7 45. Rad3 Rb1 46. Rd1
Qc5+ 47. Kh2 Qc2+ 48. Kg1 Rb3 49. Qf2 Qe4 50. Kh2 Re3 51. R8d2 Qxe6 52. Rb1 Bc8
53. Qg2 h5 54. Rb4 Bd7 55. Rc2 Qe5 56. Rbc4 Bf5 57. Rc5 Qe6 58. Rc6 Qb3 59. Rb2
Qd1 60. Rc7 Qd6 61. Qf2 Re4 62. Qc5 Qe6 63. Qc6 Qf7 64. Qb7 Re1 65. Qb4 Qe6 66.
Rf2 Bxh3 67. Qc3 Bf5 68. Qb4 Qe5 69. Qf4 Qd5 70. Qf3 Qd6 71. Rc4 Bg4 72. Qg2
Qd3 73. Rc7 Kf7 74. Rd2 Qb3 75. Rb2 Qe6 76. Rcc2 Qe5 77. Rb4 Bf5 78. Rf2 Be4
79. Re2 Bxg2 80. Rxe5 Rxe5 0-1

[Event "Acropolis 2008"]
[Site "Athens"]
[Date "2008.08.12"]
[Round "4.33"]
[White "Sarandos, Vasilios"]
[Black "Manelidou, Maria"]
[Result "1-0"]
[WhiteElo "2259"]
[BlackElo "1975"]
[PlyCount "73"]
[EventDate "2008.08.09"]

1. d4 e6 2. c4 Nf6 3. Nf3 Bb4+ 4. Bd2 Qe7 5. Qc2 Nc6 6. a3 Bxd2+ 7. Nbxd2 d6 8.
e3 O-O 9. Bd3 a5 10. Ng5 g6 11. h4 h6 12. Nge4 Nxe4 13. Nxe4 f5 14. Nc3 e5 15.
Nd5 Qf7 16. dxe5 dxe5 17. O-O-O Be6 18. f4 e4 19. Be2 h5 20. Rd2 Na7 21. Qc3
Nc8 22. Qe5 Bxd5 23. Qxd5 Qxd5 24. Rxd5 Nb6 25. Rd4 Rad8 26. Rhd1 Rxd4 27. Rxd4
Kg7 28. c5 Nc8 29. Bc4 Re8 30. Rd7+ Re7 31. Rd8 Na7 32. Rb8 c6 33. Ra8 Nb5 34.
Rxa5 Nc7 35. Ra7 Nd5 36. Bxd5 cxd5 37. c6 1-0

[Event "Acropolis 2008"]
[Site "Athens"]
[Date "2008.08.12"]
[Round "4.34"]
[White "Papadopoulou, Vera"]
[Black "Gazis, Efstathios"]
[Result "1/2-1/2"]
[WhiteElo "2210"]
[BlackElo "2308"]
[PlyCount "154"]
[EventDate "2008.08.09"]

1. c4 g6 2. d4 f5 3. Nc3 Nf6 4. Bg5 Bg7 5. h4 d6 6. Qd2 Nbd7 7. Bh6 O-O 8. Bxg7
Kxg7 9. Nh3 e5 10. O-O-O c6 11. dxe5 dxe5 12. Qd6 Ne8 13. Qxe5+ Nxe5 14. Rxd8
Nxc4 15. e4 Ned6 16. Rxf8 Kxf8 17. b3 Ne5 18. f4 Ng4 19. e5 Ne8 20. Be2 Ng7 21.
Bf3 Kf7 22. g3 Be6 23. Rd1 Nh5 24. Ne2 h6 25. Rd3 a5 26. a3 Rc8 27. Kb2 Rc7 28.
Bg2 a4 29. b4 Bc4 30. Rd2 Bxe2 31. Rxe2 Rd7 32. Kc2 Nxg3 33. Re1 Ke6 34. Kc3
Nh5 35. Bf3 Rd8 36. Rg1 Ng7 37. Re1 Ne8 38. Bd1 Ke7 39. Bf3 Nc7 40. Be2 Nd5+
41. Kb2 Nde3 42. Bxg4 Nxg4 43. Kc3 Kf7 44. Rg1 Ne3 45. Rg3 Nd5+ 46. Kc4 Ne7 47.
b5 Rd2 48. bxc6 Nxc6 49. Rc3 Rb2 50. Ng1 b5+ 51. Kd5 Ne7+ 52. Kd6 b4 53. axb4
Rxb4 54. Ne2 Rb6+ 55. Kd7 Rb2 56. Nc1 Rd2+ 57. Nd3 Nd5 58. e6+ Kf6 59. Ra3 Nb6+
60. Kc6 Nc4 61. Rxa4 Rxd3 62. Rxc4 Kxe6 63. Kb5 Rg3 64. Rd4 h5 65. Kc6 Rc3+ 66.
Kb5 Re3 67. Kc6 Re4 68. Rd6+ Kf7 69. Rd7+ Kf6 70. Rd6+ Kg7 71. Rd7+ Kh6 72. Kd5
Rxf4 73. Ke5 Rxh4 74. Kf6 Ra4 75. Rd6 h4 76. Rd8 Ra6+ 77. Ke5 Kg5 1/2-1/2

[Event "Acropolis 2008"]
[Site "Athens"]
[Date "2008.08.12"]
[Round "4.35"]
[White "Skiadopoulos, Nikolaos"]
[Black "Fakhiridou, Ekaterini"]
[Result "1/2-1/2"]
[WhiteElo "2210"]
[BlackElo "2274"]
[PlyCount "93"]
[EventDate "2008.08.09"]

1. e4 d5 2. exd5 Nf6 3. Nf3 Nxd5 4. d4 g6 5. c4 Nb6 6. Nc3 Bg7 7. h3 O-O 8. Be2
Nc6 9. Be3 e5 10. Nxe5 Nxe5 11. dxe5 Be6 12. Qb3 Bxe5 13. O-O f5 14. Rad1 Qe7
15. f4 Bg7 16. Nd5 Nxd5 17. cxd5 Bf7 18. Rfe1 Rfe8 19. Bf3 b6 20. Qc2 Qd6 21.
Qd2 Rad8 22. b3 Qf6 23. Qc2 Qc3 24. Qf2 Re7 25. Bd2 Rxe1+ 26. Bxe1 Qb2 27. g4
fxg4 28. Qxb2 Bxb2 29. hxg4 Ba3 30. b4 Bb2 31. Kg2 Bg7 32. b5 Re8 33. Bf2 Bf8
34. Rd3 Bd6 35. Be3 a6 36. bxa6 Ra8 37. Bd1 Rxa6 38. Bb3 Be8 39. Rc3 Ba4 40.
Kf3 Bxb3 41. axb3 Ra5 42. Ke4 Rb5 43. g5 Kf7 44. Bf2 Rb4+ 45. Bd4 Ke7 46. Ke3
Rb5 47. Ke4 1/2-1/2

[Event "Acropolis 2008"]
[Site "Athens"]
[Date "2008.08.12"]
[Round "4.36"]
[White "Panagiotopoulos, Alexandros"]
[Black "Pavlidis, Antonios"]
[Result "1-0"]
[WhiteElo "2197"]
[BlackElo "2266"]
[PlyCount "171"]
[EventDate "2008.08.09"]

1. e4 Nc6 2. Nf3 e5 3. Bb5 Nf6 4. O-O Nxe4 5. Re1 Nd6 6. Bxc6 dxc6 7. Nxe5 Be7
8. d4 O-O 9. Bf4 Bf6 10. Nd2 Re8 11. h3 Be6 12. Rc1 Nf5 13. Ndf3 Qd5 14. c4 Qa5
15. b4 Qb6 16. Qd3 Rad8 17. Rcd1 Qxb4 18. Rb1 Qa5 19. Bd2 Qa6 20. Rb3 Bxe5 21.
Rxe5 Nd6 22. Ng5 g6 23. Qf3 Qxc4 24. Qf6 Bd5 25. Rbe3 Rf8 26. Nxh7 Qc2 27. Nxf8
Rxf8 28. Re2 Kh7 29. Bh6 Qb1+ 30. Re1 Qxe1+ 31. Rxe1 Kxh6 32. Re7 Nf5 33. Rxc7
Re8 34. Rxb7 Re1+ 35. Kh2 Re2 36. Rd7 Rxf2 37. Rxd5 cxd5 38. Qxf7 Rxa2 39. Qxd5
Rd2 40. Qa5 Rxd4 41. Qxa7 Rd5 42. Qa4 Rd4 43. Qc6 Rd6 44. Qc1+ Kh7 45. Qg5 Ng7
46. Qe7 Re6 47. Qh4+ Kg8 48. Qf4 Kh7 49. g4 Rc6 50. Qd4 Re6 51. Kg3 Rc6 52. h4
Re6 53. Qd5 Kh6 54. Kf4 Rf6+ 55. Ke5 Rf8 56. h5 Nxh5 57. Qh1 Kg7 58. gxh5 Rf5+
59. Ke6 Rxh5 60. Qa1+ Kh7 61. Qa7+ Kh6 62. Kf7 Rf5+ 63. Kg8 Rf6 64. Qg7+ Kg5
65. Qe7 Kf5 66. Kg7 Re6 67. Qc5+ Kf4 68. Qd4+ Kf5 69. Qd5+ Re5 70. Qf3+ Ke6 71.
Qc6+ Kf5 72. Qxg6+ Kf4 73. Kf6 Re4 74. Qg5+ Kf3 75. Kf5 Re3 76. Qg4+ Kf2 77.
Kf4 Re2 78. Qg3+ Kf1 79. Qd3 Ke1 80. Qd4 Rd2 81. Qc4 Kf2 82. Qe4 Re2 83. Qd4+
Kg2 84. Qd3 Kf2 85. Qd1 Re1 86. Qf3+ 1-0

[Event "Acropolis 2008"]
[Site "Athens"]
[Date "2008.08.12"]
[Round "4.37"]
[White "Klokas, Konstantinos"]
[Black "Filippas, Sebastian"]
[Result "1-0"]
[WhiteElo "2167"]
[BlackElo "2240"]
[PlyCount "83"]
[EventDate "2008.08.09"]

1. e4 c5 2. Nf3 d6 3. d4 cxd4 4. Nxd4 Nf6 5. Nc3 a6 6. Bg5 e6 7. f4 Qc7 8. Qf3
Nc6 9. Nb3 Be7 10. O-O-O Bd7 11. Bh4 Rc8 12. Bf2 b5 13. Bd3 Nb4 14. Kb1 Bc6 15.
Nd4 Nxd3 16. cxd3 Bb7 17. Rc1 Qd7 18. g4 g6 19. Nb3 b4 20. Ne2 d5 21. Rxc8+
Qxc8 22. Rc1 Qa8 23. e5 Nd7 24. Na5 Bd8 25. Nxb7 Qxb7 26. d4 O-O 27. f5 f6 28.
fxe6 fxe5 29. Qg3 Nf6 30. Be3 e4 31. Rf1 Qb5 32. Qf2 Be7 33. Bh6 Qd3+ 34. Ka1
g5 35. Bxf8 Kxf8 36. Ng3 e3 37. Qf5 Qxd4 38. Qxh7 Qd1+ 39. Rxd1 Nxh7 40. Rxd5
Nf6 41. Rxg5 Ne4 42. Re5 1-0

[Event "Acropolis 2008"]
[Site "Athens"]
[Date "2008.08.12"]
[Round "4.38"]
[White "Margaritis, Fotios"]
[Black "Kostopoulos, Evangellos"]
[Result "0-1"]
[WhiteElo "2220"]
[BlackElo "2150"]
[PlyCount "114"]
[EventDate "2008.08.09"]

1. e4 c5 2. Nc3 a6 3. Bc4 e6 4. d3 Nf6 5. Bg5 b5 6. Bb3 d6 7. f4 Be7 8. Bxf6
Bxf6 9. Nf3 Nc6 10. O-O O-O 11. Qe1 Qc7 12. Qg3 Na5 13. e5 Be7 14. Ne4 f6 15.
exf6 Bxf6 16. c3 Nxb3 17. axb3 Be7 18. Rae1 d5 19. Neg5 Qxf4 20. Qxf4 Rxf4 21.
Nxe6 Rf7 22. Nc7 Ra7 23. Nxd5 Bf8 24. Re8 Bb7 25. Nb6 Bc6 26. Rc8 Rac7 27. Rxc7
Rxc7 28. Ne5 Bb7 29. c4 Bd6 30. Re1 Re7 31. Nf3 Rxe1+ 32. Nxe1 Be5 33. Nd7 Bxb2
34. Nc2 bxc4 35. bxc4 a5 36. Nxc5 Bc6 37. d4 Be8 38. Nd3 Bc3 39. Kf2 Ba4 40.
Nde1 Bb3 41. c5 Kf7 42. Ke3 a4 43. Kd3 Bb2 44. Nf3 a3 45. Nd2 Be6 46. Nc4 Bxc4+
47. Kxc4 a2 48. Kd5 Ke7 49. c6 a1=Q 50. Nxa1 Bxa1 51. h4 Kd8 52. g4 h6 53. Ke6
Bxd4 54. Kf7 Kc7 55. Kg6 Kxc6 56. g5 hxg5 57. Kxg5 Be3+ 0-1

[Event "Acropolis 2008"]
[Site "Athens"]
[Date "2008.08.12"]
[Round "4.39"]
[White "Makka, Evanthia"]
[Black "Nathanail, Emanouel"]
[Result "1-0"]
[WhiteElo "2099"]
[BlackElo "2219"]
[PlyCount "117"]
[EventDate "2008.08.09"]

1. e4 Nf6 2. e5 Nd5 3. d4 d6 4. c4 Nb6 5. exd6 exd6 6. Nc3 Be7 7. h3 Nc6 8. Nf3
Bf5 9. Bd3 Qd7 10. O-O h6 11. b3 O-O 12. Bf4 Bf6 13. Bxf5 Qxf5 14. Qd2 Rfe8 15.
Rae1 a6 16. Bg3 Rad8 17. Re3 Re7 18. Rxe7 Nxe7 19. Re1 Kf8 20. Ne4 g5 21. Nxf6
Qxf6 22. h4 g4 23. Nh2 h5 24. Bf4 Qg6 25. Bh6+ Ke8 26. Bg5 f6 27. Re6 Qb1+ 28.
Re1 Qg6 29. Re6 Qb1+ 30. Nf1 fxg5 31. Qxg5 Qh7 32. Rh6 Qf5 33. Rxh5 Qxg5 34.
Rxg5 Kf7 35. Rxg4 d5 36. Ne3 dxc4 37. bxc4 Nc6 38. Rf4+ Kg6 39. d5 Ne5 40. g4
Rd7 41. Kg2 Rf7 42. h5+ Kg7 43. Re4 Nd3 44. Nf5+ Kh7 45. Kg3 Nd7 46. Rd4 Nc1
47. Kh4 Ne5 48. Re4 Nf3+ 49. Kg3 Ng5 50. Re3 Rd7 51. f4 Nf7 52. a3 b5 53. g5
Nd6 54. Nxd6 cxd6 55. cxb5 axb5 56. f5 Rg7 57. g6+ Kh6 58. f6 Rc7 59. f7 1-0

[Event "Acropolis 2008"]
[Site "Athens"]
[Date "2008.08.12"]
[Round "4.41"]
[White "Kokolias, Konstantinos"]
[Black "Grapsa, Georgia"]
[Result "1/2-1/2"]
[WhiteElo "2197"]
[BlackElo "2104"]
[PlyCount "54"]
[EventDate "2008.08.09"]

1. e4 c5 2. g3 d6 3. Bg2 Nc6 4. d3 g6 5. f4 Bg7 6. Nf3 e6 7. O-O Nge7 8. c3 O-O
9. Na3 Rb8 10. Be3 b6 11. Bf2 e5 12. Nc2 exf4 13. gxf4 f5 14. Ne3 Kh8 15. exf5
Nxf5 16. Nxf5 Bxf5 17. Nh4 Bd7 18. f5 Qg5 19. Qc1 Qxc1 20. Raxc1 g5 21. Nf3
Rxf5 22. Bg3 Ne5 23. Bxe5 dxe5 24. Bh3 Rxf3 25. Rxf3 g4 26. Rf7 Be8 27. Rxg7
Kxg7 1/2-1/2

[Event "Acropolis 2008"]
[Site "Athens"]
[Date "2008.08.12"]
[Round "4.42"]
[White "Kourousis, Epaminondas"]
[Black "Dounis, Alexandros"]
[Result "1-0"]
[WhiteElo "2221"]
[BlackElo "2162"]
[PlyCount "143"]
[EventDate "2008.08.09"]

1. d4 Nf6 2. c4 g6 3. Nc3 d5 4. Nf3 Bg7 5. Bg5 dxc4 6. e4 c5 7. dxc5 Qa5 8. Nd2
Qxc5 9. Be3 Qb4 10. Bxc4 O-O 11. Qb3 Nc6 12. Qxb4 Nxb4 13. Rc1 b6 14. a3 Nc6
15. f3 Ne5 16. Bb5 Rd8 17. Ke2 Be6 18. Ba6 Rd7 19. Nb5 Ne8 20. Rc2 Rad8 21. b4
f5 22. Rhc1 Kf8 23. Nc7 Nxc7 24. Rxc7 Rxc7 25. Rxc7 Rd7 26. Rc2 Rd8 27. h3 Nf7
28. a4 Bd4 29. Bf4 Be5 30. Bxe5 Nxe5 31. Ke3 Bd7 32. b5 Be6 33. Rc7 Rd7 34. Rc3
Rd8 35. Rc7 Rd3+ 36. Ke2 Ra3 37. Rxa7 Rxa4 38. Rb7 Ra2 39. Ke3 Nd7 40. exf5
gxf5 41. f4 Ke8 42. Rc7 Nf6 43. Bb7 Kd8 44. Rc3 Bd7 45. Nc4 Ra7 46. Bf3 Bxb5
47. Nxb6 Rc7 48. Ra3 Bc6 49. Rd3+ Ke8 50. Rc3 Bxf3 51. Rxc7 Bxg2 52. h4 Kf7 53.
Kd4 Be4 54. Ra7 Kf8 55. Nd7+ Kf7 56. Nxf6 Kxf6 57. Ra6+ e6 58. Ra7 h6 59. Ra6
Bd5 60. Ra5 Bb3 61. Ke3 Bd1 62. Ra1 Bh5 63. Kd4 Bf3 64. Rg1 Bd5 65. h5 Bf3 66.
Rg6+ Kf7 67. Rxh6 Kg7 68. Rg6+ Kf7 69. Rg5 Kf6 70. h6 e5+ 71. fxe5+ Kxg5 72. h7
1-0